| 000 | 00643cam a2200205 a 4500 | ||
|---|---|---|---|
| 001 | 000004916 | ||
| 005 | 20200929151532.0 | ||
| 008 | 990203s1998 ec 000 p spa | ||
| 020 | _a9978620931 | ||
| 040 |
_aDO-SdBNP _cDLC |
||
| 082 |
_aE861.64 _bG751n |
||
| 100 | 1 |
_aGranda Luna, Mayarí, _d1977- _914216 |
|
| 245 | 1 | 0 |
_aNoctivago / _cMayarí Granda Luna. |
| 260 |
_aEcuador : _bCasa de la Cultura Ecuatoriana "Benjamín Carrión", _c1998. |
||
| 300 |
_a68 p. ; _c21 cm. |
||
| 650 | 4 |
_aPoesía ecuatoriana _913387 |
|
| 650 | 4 |
_aLiteratura ecuatoriana _93938 |
|
| 710 | 1 |
_aCarrión, Benjamín. _914217 |
|
| 910 | _aCatalogación por copia / LC | ||
| 999 |
_c4722 _d4722 |
||